|
|
|
|
| LEADER |
01185cam a2200277 7i4500 |
| 001 |
0000024787 |
| 005 |
20151027090000.0 |
| 022 |
|
|
|a 0036-8733
|
| 090 |
0 |
0 |
|a T1
|b .S35
|
| 245 |
0 |
0 |
|a Scientific American.
|
| 260 |
|
|
|a New York:
|b Scientific American, Inc.,
|c 2003-.
|
| 300 |
|
|
|a v.:
|b ill.;
|c 28 cm.
|
| 310 |
|
|
|a Monthly
|
| 500 |
|
|
|a Library has: Oct-Dec 2003; Jan-Dec 2004; Jan-Dec 2005; Jan-Dec 2006; Jan-Dec 2007; Jan-Dec 2007; Jan-Nov 2008; Stop subscription
|
| 650 |
0 |
0 |
|a Technology
|
| 650 |
0 |
0 |
|a Science
|
| 999 |
|
|
|a SER0000078
|b SERIALS
|c SERIALS
|e Serial Room, Bestrai Jaya
|
| 999 |
|
|
|a SER0000255
|b SERIALS
|c SERIALS
|e 2nd Floor, Shah Alam
|
| 999 |
|
|
|a SER0000304
|b SERIALS
|c SERIALS
|e 2nd Floor, Shah Alam
|
| 999 |
|
|
|a SER0000317
|b SERIALS
|c SERIALS
|e 2nd Floor, Shah Alam
|
| 999 |
|
|
|a SER0000459
|b SERIALS
|c SERIALS
|e Serial Room, Bestrai Jaya
|
| 999 |
|
|
|a SER0000485
|b SERIALS
|c SERIALS
|e Serial Room, Bestrai Jaya
|
| 999 |
|
|
|a SER0000507
|b SERIALS
|c SERIALS
|e Serial Room, Bestrai Jaya
|
| 999 |
|
|
|a SER0000565
|b SERIALS
|c SERIALS
|e Serial Room, Bestrai Jaya
|
| 999 |
|
|
|a SER0000618
|b SERIALS
|c SERIALS
|e 2nd Floor, Shah Alam
|
| 999 |
|
|
|a SER0000632
|b SERIALS
|c SERIALS
|e 2nd Floor, Shah Alam
|